000 00550nam a22001937a 4500
008 151009b xxu||||| |||| 00| 0 eng d
020 _a9780534641207
020 _a0534641202
041 0 _aeng
080 _a159.9
100 1 _aSurprenant, Aimée M.
245 1 0 _aCogLab reader /
_cAimée M. Surprenant, Greg Francis, Ian Neath.
260 _aAustralia ;
_aBelmont, CA :
_bThomson/Wadsworth,
_c2005.
300 _axiv, 429 f. :
_bme il.;
_c24 cm.
650 0 _aPsikologji
700 1 _aFrancis, Greg.
700 1 _aNeath, Ian,
942 _2udc
_cBK
999 _c1247
_d1247